000 00449nam a2200169Ia 4500
999 _c175
_d175
003 OSt
005 20210909121000.0
008 190216s9999||||xx |||||||||||||| ||und||
040 _coclc
082 _a297
_bKOR/N
100 _aKoroth, Abdul Assis
_91079
245 0 _aNadvatul Muhadarai /
_cAbdul Assis Koroth
260 _bAl Darussalafiah,
300 _a392P
650 _aArabic
942 _cBK
_2ddc
_h297
_iKOR/N
_k297
_mKOR/N